LEADER 01414nam 2200385 450 001 9910711575003321 005 20181030143155.0 035 $a(CKB)5470000002484299 035 $a(OCoLC)1059520676 035 $a(EXLCZ)995470000002484299 100 $a20181030d2018 ua 0 101 0 $aeng 135 $aurcn||||||||| 181 $ctxt$2rdacontent 182 $cc$2rdamedia 183 $acr$2rdacarrier 200 10$aLand treatment exploration tool $elearning from the past to improve future restoration and rehabilitation actions : an adaptive management and decision support tool for land treatment exploration and planning 210 1$a[Reston, Va.] :$cU.S. Department of the Interior, U.S. Geological Survey,$d2018. 215 $a1 online resource (2 unnumbered pages) $ccolor maps 225 1 $aFact sheet ;$v2018-3042 300 $a"Authors: D.S. Pilliod [and four others]"--Page [2]. 300 $a"August 2018." 517 $aLand treatment exploration tool 606 $aPublic lands$zUnited States$xManagement 606 $aRestoration ecology$zUnited States 615 0$aPublic lands$xManagement. 615 0$aRestoration ecology 700 $aPilliod$b David S.$01396487 712 02$aGeological Survey (U.S.), 801 0$bGPO 801 1$bGPO 906 $aBOOK 912 $a9910711575003321 996 $aLand treatment exploration tool$93463749 997 $aUNINA LEADER 00590nas 2200193z- 450 001 9911003057903321 005 20260324110711.0 035 $a(CKB)6210000000037935 035 $a(DE-599)2948303-7 035 $a(EXLCZ)996210000000037935 100 $a20250520cuuuuuuuu -u- - 101 0 $aeng 200 00$aAlmanach: Aktuálne otázky Svetovej Ekonomiky a Politiky = Almanach: Actual Issues in World Economics and Politics 210 $cEkonomická univerzita v Bratislave 517 $aAlmanach 906 $aJOURNAL 912 $a9911003057903321 996 $aAl'manach$91738852 997 $aUNINA